| 000 | 00915nam a22003017a 4500 | ||
|---|---|---|---|
| 001 | 7293 | ||
| 003 | FISKH | ||
| 005 | 20250708144127.0 | ||
| 008 | 250708b cb ||||| |||| 00| 0 eng d | ||
| 020 | _a9780439087537 | ||
| 040 |
_aFISKH _beng _cFISKH _dFISKH |
||
| 050 | _a PZ7.H4364 P | ||
| 082 | _a813.54 | ||
| 100 | _aNoonan, Julia | ||
| 245 |
_aHare and Rabbit friends forever / _cBy Julia Noona |
||
| 250 | _aThis edition first published in 2000 | ||
| 260 |
_aNew York : _bScholastic, _c2000 |
||
| 300 |
_a37 pages : _bcolor illustrations ; _c23 cm |
||
| 490 |
_aScholastic reader _vLevel 3 |
||
| 505 | _aJ | ||
| 520 | _aTwo friends share cleaning their house, a magic mind-reader ring, and a bit of jealousy. | ||
| 521 | 8 |
_a490
_bLexile |
|
| 521 | 8 |
_aJ
_bRaz-Plus |
|
| 650 |
_2Rabbits--Fiction _aFriendship |
||
| 650 |
_2Easy reader _aHello Reader |
||
| 942 |
_2ddc _cBK _n0 |
||
| 999 |
_c7293 _d7293 |
||